000 00586nam a22002057a 4500
003 BUBTL
008 240320b ||||| |||| 00| 0 eng d
041 _aEnglish
082 _a346.085492/ B4699b/
100 _95762
_aBhuiya, M. Abdul Bashar
245 _aThe Bangladesh Laws on Banks and Banking/
_bM. Abdul Bashar Bhuiya
250 _a2nd ed.
260 _aDhaka
_bM. Haider Chowdhury
300 _a[xxx], 751 p. :
_bill. ; 21 cm.
526 _aLaw
650 0 _92102
_aLaw
856 _k0
_l0
_yDownload
942 _2ddc
_cBK
999 _c7276
_d7276